000 01329nam0a2200313 i 4500
001 RU\NLR\BIBL_A\011134401
005 20241114175546.0
010 _a9785747740402
_950
035 _a(NLR Aleph) 011134401
090 _a11585933
_c11585933
100 _a20160524d2015 k y0rusy50 ca
101 0 _arus
_alat
102 _aRU
105 _ay b 001yy
200 1 _aКаталог животных Башкортостана
_fМ.Г. Баянов, В.А. Книсс, В.Ф. Хабибуллин
_gМ-во образования и науки РФ, Башкир. гос. ун-т
210 _aУфа
_cРИЦ БашГУ
_d2015
215 _a348 с.
_d20
320 _aБиблиогр.: с. 295-307
320 _aУказ. лат. назв. родов: с. 308-348
606 _aЖивотные
_jСправочники
_yБашкортостан, Республика
_92112047
_3RU\NLR\AUTH\661276342
686 1 _aЕ685.9(2Р36-6Б)я2
700 1 _aБаянов
_bМ.Г.
_f1929-
_gМукамиль Гаязетдинович
701 1 _aКнисс
_bВ. А.
_gВладимир Александрович
701 1 _aХабибуллин
_bВ. Ф.
_gВинер Фаритович
942 _cBOOK
980 _aNBR